| 000 | 00000nam##2200000za#4500 |
| 001 | 9.643179 |
| 003 | CaOODSP |
| 005 | 20210624224041 |
| 007 | cr ||||||||||| |
| 008 | 150407|1999||||xxc|||||o f|0| 0 fre|d |
| 040 | |aCaOODSP|bfre |
| 043 | |an-cn--- |
| 086 | 1 |aA22-196/1999-2F-PDF |
| 110 | 1 |aCanada.|bAgriculture Canada. |bDirection générale des politiques. |
| 245 | 10|aGérer le risque du marché : |h[ressource électronique]|bcours d'introduction, manuel ressource à l'intention des formateurs |
| 246 | 17|aManuel ressource à l'intention des formateurs |
| 250 | |aPremière édition |
| 260 | |aOttawa - Ontario : |bAgriculture Canada. |c[1999]. |
| 300 | |a346p.|bfigure, graphiques, tableaux |
| 500 | |aPublication historique numérisée par Agriculture et Agroalimentaire Canada. |
| 590 | |a14-11-Supp|b2014-05-21 |
| 691 | 07|aGestion financière|2gcpds |
| 691 | 07|aÉconomie agricole|2gcpds |
| 710 | 2 |aConseil canadien de la gestion d'entreprise agricole. |
| 775 | 08|tManaging market risk : |w(CaOODSP)9.699227 |
| 856 | 40|ahttp://publications.gc.ca|qPDF|s14.5 Mo|uhttps://publications.gc.ca/collections/collection_2014/aac-aafc/agrhist/A22-196-1999-2-fra.pdf |
| 986 | |a2016F |